000 01571nam2a22002651 4500
001 RU\NLR\INFOCOMM55\1000039114
005 20250617065720.0
035 _a(NLR Aleph) 002536413
090 _a2895198
_c2895198
100 _a20040428d1979 |||y0rusy50 ca
101 0 _arus
102 _aRU
105 _ay |||||||||
200 1 _aРентгеноспектральный анализ производственных продуктов цветной металлургии
_fВ.Д. Загуменова, Р.И. Плотников
210 _d1979
_aБ. м.
461 0 _1001RU\NLR\INFOCOMM55\1000039106
_12001#$aМеханизация производства, эксплуатация и ремонт оборудования в цветной металлургии$eОбзор информ.$fЦНИИ экономики и информ. цв. металлургии (ЦНИИ цветмет экономики и информ.)$v1979, Вып.8
_92895128
_cМ.
_d1979-
_fЦНИИ экономики и информ. цв. металлургии (ЦНИИ цветмет экономики и информ.)
_oОбзор информ.
_tМеханизация производства, эксплуатация и ремонт оборудования в цветной металлургии
_v1979, Вып.8
700 1 _aЗагумёнова
_bВ.Д.
_4070
701 1 _aПлотников
_bР.И.
_4070
801 1 _aRU
_bInfoComm
_c20040428
801 0 _aRU
_bNLR
_gPSBO
852 _aNLR
_jП10/5616
942 _cISSUE
980 _aNB
980 _aRUSPER